000 00302nam a2200121 a 4500
005 20140414131923.0
008 101023s19uu xx 00 eng d
050 _aER
_bAn5 1990
100 _aWilson, Etta
245 _aAnimal follies.
260 _aNew York :
_bMallard Press,
_c1990.
999 _c111837
_d111837